| 000 | 00636nam a2200217Ia 4500 | ||
|---|---|---|---|
| 005 | 20250508164216.0 | ||
| 008 | 008 250505s9999 xx 000 0 eng d | ||
| 020 | _a3-631-52828-0 | ||
| 037 | _aReference | ||
| 040 |
_aFEDL _beng _cFEDL |
||
| 041 |
_aeng _2eng |
||
| 084 |
_a378, KNE _qFEDL |
||
| 100 |
_aKnezevic Bozana _9777685 |
||
| 245 | 0 | _aProgramme evaluation in higher education : Theoretical reflections and practical experiences | |
| 260 |
_aFrankfurt _bPeter Lang _c2005 |
||
| 300 | _a292p. | ||
| 365 |
_aUSD _b57.95 |
||
| 650 | _aHigher education | ||
| 942 |
_cREF _h378, KNE |
||
| 999 |
_c1387551 _d1387551 |
||